LEADER 01085nam0-22003371i-450- 001 990008105950403321 005 20130917120350.0 035 $a000810595 035 $aFED01000810595 035 $a(Aleph)000810595FED01 035 $a000810595 100 $a20050505d1963----km-y0itay50------ba 101 0 $aita 102 $aIT 105 $ay---n----00yy 200 1 $aRassegna di giurisprudenza in tema di trattamento di quiescenza del personale statale$enorme generali$fa cura di A. De Stefano e N. Musumeci 210 $aMilano$cGiuffrè$d1963 215 $aIV, 242 p.$d25 cm 225 1 $aRaccolta di giurisprudenza amministrativa e tributaria 676 $a342$v11 rid.$zita 702 1$aDe Stefano,$bAntonino$f<1918- > 702 1$aMusumeci,$bNicolò 801 0$aIT$bUNINA$gRICA$2UNIMARC 901 $aBK 912 $a990008105950403321 952 $aDPR 5-87$b5862$fDEC 952 $aVI I 14$b1370$fDDA 959 $aDEC 959 $aDDA 996 $aRassegna di giurisprudenza in tema di trattamento di quiescenza del personale statale$9656260 997 $aUNINA LEADER 01215nam0 22002773i 450 001 BVE0064096 005 20231121125414.0 100 $a19951010d1994 ||||0itac50 ba 101 | $aita 102 $ait 181 1$6z01$ai $bxxxe 182 1$6z01$an 200 1 $a˜I œcavalieri delle città e dei paesi della Toscana occidentale e settentrionale membri del Sacro militare ordine di S. Stefano papa e martire$eLivorno ...$fBruno Casini 210 $aPisa$cETS$dstampa 1994 215 $a290 p.$d24 cm 300 $aSuppl. a: Quaderno stefaniano n. 13-1994. 700 1$aCasini$b, Bruno$f <1920- >$3CFIV014707$4070$0210522 801 3$aIT$bIT-01$c19951010 850 $aIT-RM0313 $aIT-FR0017 899 $aBIBLIOTECA CASANATENSE$bRM0313 899 $aBiblioteca umanistica Giorgio Aprea$bFR0017 $eN 912 $aBVE0064096 950 0$aBiblioteca umanistica Giorgio Aprea$d 52DOB 154$e 52FLS0000363265 VMB RS $fA $h20181023$i20181023 977 $a 07$a 52 996 $aCavalieri delle città e dei paesi della Toscana occidentale e settentrionale membri del Sacro militare ordine di S. Stefano papa e martire$93603424 997 $aUNICAS